Gateways; T2 ( Workbook )

The book features core vocabulary, acarefully structured grammar syllabus, cross-cultural topics, key learning strategiesintegrated into each unit and consolidated in the Strategy Session review units

সংরক্ষণ করুন:
গ্রন্থ-পঞ্জীর বিবরন
প্রধান লেখক: Victoria Kimbrough
বিন্যাস: গ্রন্থ
ভাষা:Undetermined
প্রকাশিত: New York Oxford Univ. Press 1998
বিষয়গুলি:
ট্যাগগুলো: ট্যাগ যুক্ত করুন
কোনো ট্যাগ নেই, প্রথমজন হিসাবে ট্যাগ করুন!
Thư viện lưu trữ: Trung tâm Học liệu Trường Đại học Cần Thơ
LEADER 00875nam a2200205Ia 4500
001 CTU_42339
008 210402s9999 xx 000 0 und d
020 |b 33.000đ 
082 |a 428.24 
082 |b G259w/T2 
100 |a Victoria Kimbrough 
245 0 |a Gateways; T2 ( Workbook ) 
245 0 |c Victoria Kimbrough, Irene Frankel 
260 |a New York 
260 |b Oxford Univ. Press 
260 |c 1998 
520 |a The book features core vocabulary, acarefully structured grammar syllabus, cross-cultural topics, key learning strategiesintegrated into each unit and consolidated in the Strategy Session review units 
650 |a english language - spoken english - problems, exercises, etc,english language - textbooks for foreign speakers,listening - problems, exercises, etc 
904 |i Minh, 010720 
980 |a Trung tâm Học liệu Trường Đại học Cần Thơ